| 000 | 00935cac a22002171u 4500 | ||
|---|---|---|---|
| 008 | 090216t xxu||||| |||| 00| 0 eng d | ||
| 010 | _a 00050701 | ||
| 020 | _a1563088169 (pbk.) | ||
| 082 | 0 | 0 |
_a658.1554 _bKIN |
| 100 | _aKingma, Bruce R. | ||
| 245 | 1 | 4 |
_aThe economics of information : _ba guide to economic and cost-benefit analysis for information professionals / _cBruce R. Kingma. |
| 250 | _a2nd ed. | ||
| 260 |
_aEnglewood, CO : _bLibraries Unlimited, _c2001. |
||
| 300 |
_axii, 180 p. ; _c23 cm. |
||
| 440 | 0 | _aLibrary and information science text series | |
| 504 | _aIncludes bibliographical references (p. 167-174) and index. | ||
| 650 | 0 | _aCost effectiveness. | |
| 650 | 0 |
_aInformation science _xEconomic aspects. |
|
| 942 |
_cBB _k658.1554 KIN _2ddc |
||
| 999 |
_c2443 _d2443 |
||